00381nam a2200097Ia 45000010005000000080041000050820022000461000111000682450080001792600024002594196241024s9999 xx 000 0 und d aRD/375/R426d/2016 aRepública Dominicana. Ministerio de Educación. Viceministerio de Servicios Técnicos y Pedagógicos. 0aDiseño Curricular del Nivel Básico. Segundo Ciclo. Versión Preliminar bSanto Domingoc2016